| 000 | 00448nam a2200181Ia 4500 | ||
|---|---|---|---|
| 001 | 18777 | ||
| 005 | 20260306171655.0 | ||
| 008 | 260306s9999||||xx |||||||||||||| ||und|| | ||
| 041 | _aESP | ||
| 082 |
_a658.5 _bG59 |
||
| 100 |
_aGoldratt, Eliyahu M. _eAUT |
||
| 245 | 0 |
_aLa carrera: _ben busca de las ventajas competitivas |
|
| 260 | _c2010 | ||
| 300 |
_a197 páginas : _c22 cm. |
||
| 650 | _aGEN | ||
| 654 | _aCAN | ||
| 942 |
_cLIB _dJUS _fJUS _2ddc _n |
||
| 999 |
_c18777 _d18777 |
||